[Event "4NCL 3 North pool B"]
[Site "Wakefield, ENG"]
[Date "2016.03.19"]
[Round "7.105"]
[White "Berry, Neil"]
[Black "Edwards, Roger J"]
[Result "1-0"]
[WhiteElo "2358"]
[BlackElo "1757"]
[PlyCount "61"]
[EventDate "2016.03.19"]
[WhiteTeam "Alba"]
[BlackTeam "Cheddleton 3"]

1. d4 d5 2. c4 c6 3. Nf3 Nf6 4. Nc3 Bf5 5. cxd5 Nxd5 6. e3 e6 7. Bc4 Be7 8. O-O
O-O 9. Qe2 Nxc3 10. bxc3 b5 11. Bb3 Be4 12. Nd2 Bg6 13. e4 a6 14. f4 h6 15. f5
exf5 16. exf5 Bh7 17. Ne4 Nd7 18. Qg4 Kh8 19. Bf4 Nf6 20. Nxf6 Bxf6 21. Rad1
Qd7 22. Be5 Bxe5 23. dxe5 Qa7+ 24. Kh1 Qe3 25. Rde1 Qxc3 26. f6 gxf6 27. Qf4 f5
28. Re3 Qc5 29. Qxh6 Qe7 30. Rxf5 f6 31. exf6 1-0

[Event "4NCL 3 North pool B"]
[Site "Wakefield, ENG"]
[Date "2016.03.19"]
[Round "7.106"]
[White "Blackburn, Jon"]
[Black "Findlay David John"]
[Result "1/2-1/2"]
[WhiteElo "1836"]
[BlackElo "2152"]
[PlyCount "48"]
[EventDate "2016.03.19"]
[WhiteTeam "Cheddleton 3"]
[BlackTeam "Alba"]

1. d4 d5 2. Nf3 c5 3. c3 Nf6 4. Bg5 Ne4 5. Bf4 Qb6 6. Qb3 c4 7. Qxb6 axb6 8.
Nbd2 Bf5 9. Nxe4 Bxe4 10. Nd2 Bg6 11. f3 b5 12. e4 e6 13. exd5 exd5 14. Kf2 b4
15. h4 bxc3 16. bxc3 Nc6 17. h5 Bc2 18. Be2 Ba3 19. Rae1 O-O 20. Bd1 Bxd1 21.
Rxd1 Bb2 22. Nb1 b5 23. Rd2 Ba1 24. a3 b4 1/2-1/2

[Event "4NCL 3 North pool B"]
[Site "Wakefield, ENG"]
[Date "2016.03.19"]
[Round "7.107"]
[White "Bamber, Elaine"]
[Black "Emmerton, Stephen J"]
[Result "1-0"]
[WhiteElo "2081"]
[BlackElo "1806"]
[PlyCount "69"]
[EventDate "2016.03.19"]
[WhiteTeam "Alba"]
[BlackTeam "Cheddleton 3"]

1. e4 d5 2. exd5 Nf6 3. d4 Nxd5 4. c4 Nf6 5. Nc3 g6 6. Nf3 Bg7 7. Be2 O-O 8.
O-O Bg4 9. h3 Bxf3 10. Bxf3 c6 11. Bf4 e6 12. Qd2 Nbd7 13. Rad1 Qa5 14. Rfe1
Rfe8 15. b4 Qd8 16. b5 Rc8 17. Qc2 Nb6 18. bxc6 bxc6 19. Qb3 Bf8 20. a4 Nbd7
21. Rb1 c5 22. Bb7 cxd4 23. Bxc8 Qxc8 24. Nb5 e5 25. Bg3 a6 26. Na3 Bxa3 27.
Qxa3 Qxc4 28. Bh4 d3 29. Bxf6 Nxf6 30. Qd6 Re6 31. Rb8+ Ne8 32. Qd7 Kf8 33.
Reb1 Re7 34. Qd6 Qe6 35. Rxe8+ 1-0

[Event "4NCL 3 North pool B"]
[Site "Wakefield, ENG"]
[Date "2016.03.19"]
[Round "7.108"]
[White "Blackburn, Sandra G"]
[Black "Grassie, Duncan"]
[Result "0-1"]
[WhiteElo "1585"]
[BlackElo "2095"]
[PlyCount "73"]
[EventDate "2016.03.19"]
[WhiteTeam "Cheddleton 3"]
[BlackTeam "Alba"]

1. d4 Nf6 2. Nf3 g6 3. Bg5 Bg7 4. e3 O-O 5. Bd3 c5 6. c3 d6 7. O-O Nc6 8. Nbd2
cxd4 9. exd4 b6 10. Re1 Bb7 11. Ne4 Nxe4 12. Bxe4 Re8 13. Qa4 Qc7 14. Rad1 Rac8
15. Bh4 Na5 16. Bxb7 Qxb7 17. Nd2 d5 18. Nf3 Nc4 19. Qb4 e6 20. Bg3 b5 21. Qb3
a5 22. Qc2 b4 23. Ne5 bxc3 24. bxc3 Qb2 25. Re2 Qxc2 26. Rxc2 Nxe5 27. dxe5 Rc4
28. Rb1 Rec8 29. f3 d4 30. Rb3 a4 31. Ra3 Bf8 32. cxd4 Bxa3 33. Rd2 Rc1+ 34.
Kf2 Bb4 35. Rb2 Be1+ 36. Ke3 R8c3+ 37. Ke4 0-1

[Event "4NCL 3 North pool B"]
[Site "Wakefield, ENG"]
[Date "2016.03.19"]
[Round "7.109"]
[White "White, Stuart A"]
[Black "Wright, Nicholas PA"]
[Result "1-0"]
[WhiteElo "2014"]
[BlackElo "1547"]
[PlyCount "47"]
[EventDate "2016.03.19"]
[WhiteTeam "Alba"]
[BlackTeam "Cheddleton 3"]

1. d4 d5 2. c4 Nf6 3. cxd5 Nxd5 4. Nf3 e6 5. e4 Nf6 6. Nc3 Be7 7. Bc4 c6 8. O-O
O-O 9. Qe2 Nbd7 10. Bf4 Nb6 11. Bb3 Ne8 12. Rfd1 Bd6 13. Bg5 Be7 14. Bf4 Bd6
15. Bg5 Be7 16. Bxe7 Qxe7 17. Rac1 Bd7 18. Ne5 Nc7 19. Rd3 f6 20. Nxd7 Nxd7 21.
Qg4 Kh8 22. Re1 Rad8 23. Rh3 Rg8 24. Rxh7+ 1-0

[Event "4NCL 3 North pool B"]
[Site "Wakefield, ENG"]
[Date "2016.03.19"]
[Round "7.115"]
[White "Ellames, Roy"]
[Black "Allen, Keith"]
[Result "0-1"]
[WhiteElo "2125"]
[BlackElo "2234"]
[PlyCount "96"]
[EventDate "2016.03.19"]
[WhiteTeam "Spirit of Atticus B"]
[BlackTeam "Manx Ravens"]

1. b3 e5 2. Bb2 Nc6 3. e3 d6 4. Nf3 f5 5. d4 e4 6. Nfd2 Nf6 7. Be2 Be7 8. c4
O-O 9. Nc3 Bd7 10. a3 a6 11. f4 exf3 12. Bxf3 Ng4 13. Nd5 Bg5 14. Nf1 Ne7 15.
h3 Nf6 16. Nxf6+ Rxf6 17. Bxb7 Rb8 18. Bf3 Ba4 19. bxa4 Rxb2 20. Rb1 Qb8 21.
Rxb2 Qxb2 22. h4 Bxe3 23. Nxe3 Re6 24. O-O Rxe3 25. Rf2 Qc3 26. Re2 Rxe2 27.
Bxe2 Nc6 28. d5 Qe3+ 29. Kh1 Nd4 30. Bf1 g6 31. h5 Kg7 32. hxg6 hxg6 33. Qa1
Qh6+ 34. Kg1 Qe3+ 35. Kh1 Qh6+ 36. Kg1 Qe3+ 37. Kh1 a5 38. Qb2 Qh6+ 39. Kg1
Qe3+ 40. Kh1 Qh6+ 41. Kg1 Qe3+ 42. Kh1 Kh6 43. Kh2 f4 44. Kh1 Kg5 45. Qb1 Qf2
46. Bd3 f3 47. gxf3 Nxf3 48. Qc1+ Kg4 0-1

[Event "4NCL 3 North pool B"]
[Site "Wakefield, ENG"]
[Date "2016.03.19"]
[Round "7.116"]
[White "Ottosen, David"]
[Black "Robertson, David J"]
[Result "1-0"]
[WhiteElo "2114"]
[BlackElo "2102"]
[PlyCount "69"]
[EventDate "2016.03.19"]
[WhiteTeam "Manx Ravens"]
[BlackTeam "Spirit of Atticus B"]

1. e4 c5 2. Nf3 e6 3. d4 cxd4 4. Nxd4 Nc6 5. Nc3 Qc7 6. Ndb5 Qb8 7. Be3 a6 8.
Bb6 axb5 9. Nxb5 Bb4+ 10. c3 Ba5 11. Nc7+ Qxc7 12. Bxc7 Bxc7 13. Qg4 Kf8 14.
Bb5 Nf6 15. Qe2 b6 16. O-O Bb7 17. f4 h5 18. a4 Ke7 19. Rad1 Rad8 20. e5 Ng4
21. h3 Nh6 22. Bd3 Rdg8 23. Be4 g5 24. f5 exf5 25. Bxf5 Nxf5 26. Rxf5 Nd8 27.
Qc4 Bc6 28. b4 b5 29. Qc5+ Ke8 30. axb5 Ne6 31. Qc4 Bb6+ 32. Kh1 Bb7 33. Rxf7
Rg7 34. Rxg7 Nxg7 35. Qd3 1-0

[Event "4NCL 3 North pool B"]
[Site "Wakefield, ENG"]
[Date "2016.03.19"]
[Round "7.117"]
[White "Hall, John"]
[Black "Fabri, Henrik"]
[Result "1-0"]
[WhiteElo "2058"]
[BlackElo "1991"]
[PlyCount "161"]
[EventDate "2016.03.19"]
[WhiteTeam "Spirit of Atticus B"]
[BlackTeam "Manx Ravens"]

1. e4 Nf6 2. e5 Nd5 3. d4 d6 4. c4 Nb6 5. exd6 cxd6 6. Nc3 g6 7. Be3 Bg7 8. Bd3
Nc6 9. Nge2 O-O 10. Qd2 Nb4 11. Ng3 Nxd3+ 12. Qxd3 d5 13. b3 dxc4 14. bxc4 h5
15. h4 e5 16. d5 f5 17. Rc1 e4 18. Qe2 Nd7 19. Bg5 Qa5 20. Bd2 Nc5 21. Ncxe4
Qa3 22. Nxc5 Qxc5 23. O-O Bd7 24. Be3 Qc7 25. Bg5 Rfe8 26. Qd2 b6 27. Rfe1 Be5
28. Ne2 Qc5 29. Nf4 Qd6 30. Nd3 Bh2+ 31. Kh1 Re4 32. Rxe4 fxe4 33. Nf4 Bxf4 34.
Bxf4 Qf6 35. Bg5 Qd6 36. Qd4 Bf5 37. Bh6 Qd7 38. c5 bxc5 39. Rxc5 Kh7 40. d6
Rd8 41. Bf4 Kg8 42. Re5 Qg7 43. Bg5 Rd7 44. Re8+ Kf7 45. Bf6 Qxf6 46. Rf8+ Kxf8
47. Qxf6+ Kg8 48. Kg1 Rf7 49. Qd4 Rd7 50. Kf1 Kf7 51. Qe5 Kg8 52. Ke2 Kh7 53.
Ke3 Rb7 54. Qd5 Rd7 55. Kd4 Kg7 56. Kc5 Rf7 57. Qe5+ Kg8 58. a4 Rd7 59. Kc6 Rf7
60. Qe8+ Rf8 61. Qe5 Rf7 62. Qd4 Bd7+ 63. Kd5 Bf5 64. g3 Rd7 65. Qf6 Rf7 66.
Qd8+ Rf8 67. Qc7 Rf7 68. Qc3 Rd7 69. Kc6 Rf7 70. Qd4 Rd7 71. a5 Rf7 72. d7
Bxd7+ 73. Qxd7 Rxd7 74. Kxd7 Kf7 75. Kd6 Kf6 76. Kd5 Kf5 77. a6 e3 78. fxe3 Kg4
79. e4 g5 80. hxg5 Kxg5 81. e5 1-0

[Event "4NCL 3 North pool B"]
[Site "Wakefield, ENG"]
[Date "2016.03.19"]
[Round "7.118"]
[White "Miah, Zahed"]
[Black "Bimpson, Tom"]
[Result "0-1"]
[WhiteElo "1787"]
[BlackElo "2037"]
[PlyCount "98"]
[EventDate "2016.03.19"]
[WhiteTeam "Manx Ravens"]
[BlackTeam "Spirit of Atticus B"]

1. d4 d6 2. Nf3 Nf6 3. c4 Bg4 4. e3 c6 5. Nc3 Nbd7 6. h3 Bh5 7. Be2 e5 8. Qc2
Be7 9. b3 O-O 10. O-O Rc8 11. Rd1 Qc7 12. Bb2 Rfe8 13. dxe5 dxe5 14. Rd2 Nc5
15. e4 Bg6 16. Bd3 Nxd3 17. Qxd3 Rcd8 18. Qe3 Rxd2 19. Nxd2 Qa5 20. Na4 Bb4 21.
Nc3 Bc5 22. Qe2 Bd4 23. Qf3 Rd8 24. Rd1 Bxc3 25. Bxc3 Qxa2 26. Ra1 Qc2 27. Rxa7
h6 28. Bxe5 Qxd2 29. Bxf6 Qd1+ 30. Qxd1 Rxd1+ 31. Kh2 gxf6 32. Rxb7 Bxe4 33. f3
Bc2 34. Rb6 Rd6 35. b4 Re6 36. b5 cxb5 37. Rb8+ Kg7 38. cxb5 Bb3 39. b6 Rc6 40.
Kg3 f5 41. Kf4 Kf6 42. Rh8 Rc4+ 43. Kg3 Rb4 44. Rxh6+ Ke5 45. h4 Be6 46. h5 f4+
47. Kh4 Rxb6 48. Rh8 Rb1 49. h6 Kf6 0-1

[Event "4NCL 3 North pool B"]
[Site "Wakefield, ENG"]
[Date "2016.03.19"]
[Round "7.119"]
[White "Johnson, Michael D"]
[Black "Bibby, Liam"]
[Result "0-1"]
[WhiteElo "2027"]
[BlackElo "1682"]
[PlyCount "100"]
[EventDate "2016.03.19"]
[WhiteTeam "Spirit of Atticus B"]
[BlackTeam "Manx Ravens"]

1. Nf3 d5 2. g3 e6 3. Bg2 c5 4. O-O Nf6 5. d4 Nc6 6. c4 Be7 7. Nc3 O-O 8. cxd5
exd5 9. Bg5 b6 10. Bxf6 Bxf6 11. e3 Be6 12. Rc1 Rc8 13. b3 a6 14. dxc5 bxc5 15.
Na4 c4 16. Nd4 Nxd4 17. exd4 Qa5 18. Nc5 Rxc5 19. dxc5 c3 20. Qd3 Rc8 21. f4
Qxc5+ 22. Kh1 g6 23. f5 Bxf5 24. Rxf5 gxf5 25. Qxf5 Rc6 26. Bxd5 Qe3 27. Rc2
Rd6 28. Qg4+ Qg5 29. Qxg5+ Bxg5 30. Bc4 Bd2 31. Kg2 Rf6 32. b4 Kf8 33. a4 Ke7
34. b5 a5 35. Bd3 h6 36. Ra2 Rd6 37. Bc2 Bc1 38. Bb3 Bb2 39. Kf3 Rd2 40. Ke3
Rxh2 41. Kd3 f6 42. Kc4 Kd6 43. Bd1 Rd2 44. Bb3 h5 45. b6 Kc6 46. b7 Kxb7 47.
g4 hxg4 48. Kb5 c2 49. Bxc2 Rxc2 50. Kxa5 Bc3+ 0-1

[Event "4NCL 3 North pool B"]
[Site "Wakefield, ENG"]
[Date "2016.03.19"]
[Round "7.120"]
[White "Griffin, John"]
[Black "Connor, Stephen J"]
[Result "0-1"]
[WhiteElo "1600"]
[BlackElo "2011"]
[PlyCount "46"]
[EventDate "2016.03.19"]
[WhiteTeam "Manx Ravens"]
[BlackTeam "Spirit of Atticus B"]

1. e4 c5 2. Nf3 d6 3. d4 cxd4 4. Nxd4 Nf6 5. Nc3 a6 6. h3 e6 7. Be3 Be7 8. Qd2
Qc7 9. Bg5 Nbd7 10. Nb3 b5 11. f3 Bb7 12. a3 O-O 13. O-O-O Rfd8 14. g4 Ne5 15.
Qe3 Rac8 16. h4 Nc4 17. Qe2 Nxa3 18. h5 Nxe4 19. fxe4 Bxg5+ 20. Nd2 b4 21. bxa3
Qxc3 22. Kb1 Qxc2+ 23. Ka1 Bf6+ 0-1

[Event "4NCL 3 North pool B"]
[Site "Wakefield, ENG"]
[Date "2016.03.19"]
[Round "7.125"]
[White "Jayawarna, Nugith"]
[Black "Gardiner, Eric D"]
[Result "1-0"]
[WhiteElo "2050"]
[BlackElo "1941"]
[PlyCount "117"]
[EventDate "2016.03.19"]
[WhiteTeam "Manchester Manticores 2"]
[BlackTeam "Bradford DCA Knights B"]

1. c4 e5 2. g3 Nc6 3. Bg2 d6 4. Nc3 g6 5. e4 Bg7 6. Nge2 Be6 7. d3 Qd7 8. Nd5
Nce7 9. d4 Nxd5 10. cxd5 Bh3 11. O-O Bxg2 12. Kxg2 exd4 13. Nxd4 Nf6 14. f3 O-O
15. Be3 c5 16. dxc6 bxc6 17. Rc1 c5 18. Ne2 Rfe8 19. Qd2 d5 20. Rfd1 Rad8 21.
e5 Rxe5 22. Bxc5 Rde8 23. Nc3 Rh5 24. Rc2 Bh6 25. Qf2 Qh3+ 26. Kg1 Rhe5 27.
Bxa7 Be3 28. Bxe3 Rxe3 29. Re2 Rxe2 30. Nxe2 Qe6 31. Nf4 Qa6 32. Qd4 Rb8 33. b3
Rc8 34. a4 Rb8 35. Nxd5 Nxd5 36. Qxd5 Qb6+ 37. Kg2 Qe3 38. Qd3 Qe6 39. Rb1 h5
40. a5 h4 41. g4 Qe5 42. b4 h3+ 43. Kxh3 Kg7 44. Kg2 Rh8 45. h3 Rd8 46. Qxd8
Qe2+ 47. Kg3 Qe5+ 48. Kh4 f6 49. Rd1 Qg5+ 50. Kg3 Qe5+ 51. Kf2 Qh2+ 52. Ke3
Qe5+ 53. Kd3 Qb5+ 54. Kc3 Qe5+ 55. Kb3 Qe3+ 56. Rd3 Qc1 57. Ka4 Qc6+ 58. Kb3
Qe6+ 59. Ka3 1-0

[Event "4NCL 3 North pool B"]
[Site "Wakefield, ENG"]
[Date "2016.03.19"]
[Round "7.126"]
[White "Slinger, Tony J"]
[Black "Hamer, Martyn"]
[Result "1/2-1/2"]
[WhiteElo "1926"]
[BlackElo "2087"]
[PlyCount "38"]
[EventDate "2016.03.19"]
[WhiteTeam "Bradford DCA Knights B"]
[BlackTeam "Manchester Manticores 2"]

1. Nf3 d5 2. d4 Nf6 3. e3 e6 4. Bd3 Be7 5. b3 O-O 6. Bb2 b6 7. O-O Bb7 8. Ne5
Nbd7 9. f4 Ne4 10. Nxd7 Qxd7 11. Bxe4 dxe4 12. Nd2 Rad8 13. Qg4 f5 14. Qe2 Qc8
15. Rfd1 Bf6 16. Rac1 Rf7 17. Qe1 Ba6 18. Ba3 Rfd7 19. Nb1 c6 1/2-1/2

[Event "4NCL 3 North pool B"]
[Site "Wakefield, ENG"]
[Date "2016.03.19"]
[Round "7.127"]
[White "Lentzos, Ioanis"]
[Black "Johnson, Paul A"]
[Result "1-0"]
[WhiteElo "2065"]
[BlackElo "1872"]
[PlyCount "109"]
[EventDate "2016.03.19"]
[WhiteTeam "Manchester Manticores 2"]
[BlackTeam "Bradford DCA Knights B"]

1. c4 e5 2. Nc3 Nf6 3. Nf3 Nc6 4. d4 exd4 5. Nxd4 Bb4 6. Bg5 O-O 7. e3 d6 8.
Be2 Bd7 9. O-O Bxc3 10. bxc3 h6 11. Bh4 Re8 12. Rb1 Rb8 13. Bf3 Ne5 14. Rxb7
Rxb7 15. Bxb7 Nxc4 16. Nc6 Bxc6 17. Bxc6 Re5 18. Qd4 Nb6 19. f4 Rc5 20. Bf3
Nbd7 21. e4 Qb8 22. Bf2 Rb5 23. c4 Rb1 24. e5 Rxf1+ 25. Kxf1 Nh7 26. exd6 cxd6
27. Qxa7 Qb1+ 28. Be1 Nhf6 29. a4 Nc5 30. a5 Nd3 31. Qe3 Nc5 32. Qd2 Nfe4 33.
Bxe4 Qxe4 34. Qxd6 Qxc4+ 35. Kg1 Na6 36. h3 Qe2 37. Kh2 Qc4 38. Bc3 Kh7 39. Qd4
Qxd4 40. Bxd4 f5 41. Kg3 g5 42. Be5 Kg6 43. Bd6 Kf6 44. Kf3 Kf7 45. Ke3 Kf6 46.
Kd4 g4 47. Kc4 Ke6 48. Be5 Kd7 49. Kb5 Nc7+ 50. Bxc7 Kxc7 51. Kc5 gxh3 52. gxh3
Kb7 53. Kd5 Ka6 54. Ke5 Kxa5 55. Kxf5 1-0

[Event "4NCL 3 North pool B"]
[Site "Wakefield, ENG"]
[Date "2016.03.19"]
[Round "7.128"]
[White "Barker, Arron"]
[Black "Mulleady, Peter J"]
[Result "0-1"]
[WhiteElo "1870"]
[BlackElo "2042"]
[PlyCount "96"]
[EventDate "2016.03.19"]
[WhiteTeam "Bradford DCA Knights B"]
[BlackTeam "Manchester Manticores 2"]

1. g4 d5 2. Bg2 Bxg4 3. c4 c6 4. cxd5 Nf6 5. Qb3 Qb6 6. Qxb6 axb6 7. Nc3 e5 8.
b3 Bb4 9. Bb2 O-O 10. h3 Bh5 11. dxc6 Nxc6 12. a3 Nd4 13. Kd1 Nxb3 14. Ra2 Ba5
15. d3 Rac8 16. Nd5 Nxd5 17. Bxd5 Rfd8 18. Bf3 Bg6 19. Bxb7 Rc7 20. Ba6 e4 21.
Ra1 Nxa1 22. Bxa1 exd3 23. Bxd3 Bxd3 24. exd3 Rxd3+ 25. Ke2 Rxa3 26. Bd4 Rc1
27. Be3 Re1+ 28. Kf3 Bd2 29. h4 Bxe3 30. fxe3 Raxe3+ 31. Kf2 f5 32. h5 Re7 33.
Rh3 Rb1 34. Rc3 b5 35. Nf3 h6 36. Rc5 Rb2+ 37. Kg3 Rb3 38. Kf2 f4 39. Ne5 Re8
40. Rd5 Ra8 41. Nd3 Raa3 42. Ne1 Ra2+ 43. Kf1 Rh3 44. Kg1 Re3 45. Rd1 Rg3+ 46.
Kf1 Rh3 47. Kg1 Rxh5 48. Nf3 Rh3 0-1

[Event "4NCL 3 North pool B"]
[Site "Wakefield, ENG"]
[Date "2016.03.19"]
[Round "7.129"]
[White "Lyth, John D"]
[Black "Patrick, David A"]
[Result "1-0"]
[WhiteElo "1982"]
[BlackElo "1870"]
[PlyCount "79"]
[EventDate "2016.03.19"]
[WhiteTeam "Manchester Manticores 2"]
[BlackTeam "Bradford DCA Knights B"]

1. d4 d5 2. Nf3 Nf6 3. c4 c6 4. Nc3 a6 5. e3 Bf5 6. Be2 h6 7. cxd5 cxd5 8. Qb3
Ra7 9. O-O e6 10. Ne5 Bd6 11. Qa4+ Nfd7 12. Nb5 Bxe5 13. dxe5 Nb6 14. Nc7+ Kf8
15. Qb4+ Kg8 16. Qxb6 Nc6 17. Bd2 Kh7 18. Rac1 Qb8 19. Nxa6 bxa6 20. Rxc6 Rb7
21. Qxa6 Rxb2 22. Bc3 Rb1 23. Bd3 Rxf1+ 24. Kxf1 Bxd3+ 25. Qxd3+ g6 26. Bd4 Qb7
27. Rb6 Qc7 28. Qc3 Qa7 29. a3 Qa4 30. Qb3 Qa8 31. Qb4 Rc8 32. g3 h5 33. h4 Kg7
34. Qe7 Qa4 35. Rb7 Qe8 36. Qxe8 Rxe8 37. Ke2 Ra8 38. Bc5 Rc8 39. Be7 Kg8 40.
Rd7 1-0

[Event "4NCL 3 North pool B"]
[Site "Wakefield, ENG"]
[Date "2016.03.19"]
[Round "7.130"]
[White "Bramson, Mike"]
[Black "Jaques, Andrew"]
[Result "1-0"]
[WhiteElo "1860"]
[BlackElo "1975"]
[PlyCount "121"]
[EventDate "2016.03.19"]
[WhiteTeam "Bradford DCA Knights B"]
[BlackTeam "Manchester Manticores 2"]

1. e4 c6 2. d4 d5 3. Nc3 dxe4 4. Bc4 Nf6 5. f3 exf3 6. Nxf3 Bf5 7. O-O e6 8.
Ne5 Bg6 9. Be3 Bd6 10. Qe2 Qc7 11. Rad1 Bxe5 12. dxe5 Qxe5 13. Rd8+ Kxd8 14.
Bb6+ axb6 15. Qxe5 Nbd7 16. Rd1 Bxc2 17. Rd2 Kc8 18. Qd6 Bg6 19. Bb5 Ra5 20.
Bxc6 bxc6 21. Qxc6+ Kb8 22. b4 Rc8 23. Qd6+ Kb7 24. bxa5 Rxc3 25. axb6 Rc1+ 26.
Rd1 Rxd1+ 27. Qxd1 Nxb6 28. Qb3 Be4 29. a4 Ka7 30. Qb4 Nbd5 31. Qf8 Bg6 32.
Qc5+ Ka8 33. a5 Be4 34. a6 Nf4 35. Qc8+ Ka7 36. Qc7+ Kxa6 37. Qxf4 Bg6 38. Qb8
Nd5 39. Kf2 h5 40. Kf3 Nb6 41. Ke2 Kb5 42. Ke3 Kc6 43. Kd4 Nd7 44. Qa8+ Kd6 45.
Qa3+ Kc7 46. Qe7 Kc6 47. Kc4 Ne5+ 48. Kb4 Nd7 49. Qg5 Kd6 50. Kb5 e5 51. Qd2+
Ke6 52. Kc6 Nf6 53. h3 Be4+ 54. Kc7 Nd5+ 55. Kd8 g6 56. Qe2 f5 57. Ke8 Kf6 58.
h4 Nc7+ 59. Kd7 Ne6 60. Qa6 Bd5 61. Qd6 1-0

[Event "4NCL 3 North pool D"]
[Site "Wakefield, ENG"]
[Date "2016.03.20"]
[Round "8.95"]
[White "Valentine, Glyn D"]
[Black "Johnson, Michael D"]
[Result "0-1"]
[WhiteElo "1802"]
[BlackElo "2035"]
[PlyCount "128"]
[EventDate "2016.03.20"]
[WhiteTeam "Cheddleton 3"]
[BlackTeam "Spirit of Atticus C"]

1. d4 Nf6 2. c4 e6 3. Nc3 d5 4. e3 c6 5. Nf3 Nbd7 6. cxd5 exd5 7. a3 a5 8. Bd3
Bd6 9. O-O O-O 10. Re1 Re8 11. e4 dxe4 12. Nxe4 Nxe4 13. Rxe4 Rxe4 14. Bxe4 h6
15. Be3 Nf6 16. Qc2 Nxe4 17. Qxe4 Be6 18. Rc1 Qf6 19. Qh4 Qf5 20. Bd2 Bd5 21.
Ne1 Re8 22. f3 a4 23. Qf2 Qh5 24. g3 Qg6 25. Kg2 Re6 26. Rc3 Qf6 27. Nd3 Qe7
28. Nc1 Qf6 29. Ne2 Qf5 30. Nf4 Bxf4 31. Bxf4 b5 32. Re3 Rg6 33. Bc7 Rf6 34.
Bb6 g5 35. Bd8 Rg6 36. Kg1 g4 37. fxg4 Qxg4 38. Bc7 Kh7 39. Be5 Qd1+ 40. Re1
Qd3 41. Re3 Qd1+ 42. Re1 Qg4 43. Qf4 Qe6 44. Rf1 Rg4 45. Qf5+ Qxf5 46. Rxf5 Re4
47. Rf2 Bc4 48. Rd2 Kg6 49. Kf2 Kf5 50. Bf4 h5 51. Be3 Kg4 52. h4 Kf5 53. Bf4
Ke6 54. Be3 Kd5 55. Kf3 Bb3 56. Rd3 Re6 57. Kf4 Rf6+ 58. Kg5 Rf3 59. Rc3 Rxg3+
60. Kxh5 Ke4 61. Bd2 Rg6 62. Rc1 Kd3 63. Bc3 Be6 64. Rd1+ Kc4 0-1

[Event "4NCL 3 North pool D"]
[Site "Wakefield, ENG"]
[Date "2016.03.20"]
[Round "8.96"]
[White "Cooper, John G"]
[Black "Edwards, Roger J"]
[Result "1-0"]
[WhiteElo "1966"]
[BlackElo "1757"]
[PlyCount "63"]
[EventDate "2016.03.20"]
[WhiteTeam "Spirit of Atticus C"]
[BlackTeam "Cheddleton 3"]

1. e4 e5 2. Nf3 Nc6 3. Bb5 a6 4. Ba4 Nf6 5. O-O b5 6. Bb3 Bc5 7. c3 O-O 8. d4
exd4 9. cxd4 Ba7 10. e5 Ne8 11. Bg5 Ne7 12. Nc3 Kh8 13. Nd5 f6 14. exf6 gxf6
15. Bh6 Ng7 16. Nxe7 Qxe7 17. Re1 Qd8 18. Qd3 d5 19. Bc2 f5 20. Ne5 Qf6 21.
Bxg7+ Qxg7 22. Nc6 Bb6 23. Re7 Qh6 24. Qg3 Qf6 25. Rae1 Qg6 26. Qe5+ Qf6 27.
Qxd5 Bb7 28. Qd7 Qg6 29. R1e6 Bxc6 30. Rxc6 Qh5 31. Qd5 Qg5 32. Qe5+ 1-0

[Event "4NCL 3 North pool D"]
[Site "Wakefield, ENG"]
[Date "2016.03.20"]
[Round "8.97"]
[White "Emmerton, Stephen J"]
[Black "Natt, Anthony L"]
[Result "0-1"]
[WhiteElo "1806"]
[BlackElo "1967"]
[PlyCount "52"]
[EventDate "2016.03.20"]
[WhiteTeam "Cheddleton 3"]
[BlackTeam "Spirit of Atticus C"]

1. e4 c5 2. Nf3 g6 3. d4 cxd4 4. Nxd4 Nc6 5. Be3 Bg7 6. Qd2 Nf6 7. f3 O-O 8.
Nc3 d6 9. O-O-O Nxd4 10. Bxd4 Be6 11. Nd5 Bxd5 12. exd5 Qd7 13. c4 Rfc8 14. Bc3
a6 15. Kb1 b5 16. cxb5 axb5 17. Bxf6 Bxf6 18. Rc1 Rxc1+ 19. Qxc1 Qf5+ 20. Qc2
Qxd5 21. a3 b4 22. Bd3 bxa3 23. Be4 axb2 24. Qc8+ Rxc8 25. Bxd5 e6 26. Ba2 d5
0-1

[Event "4NCL 3 North pool D"]
[Site "Wakefield, ENG"]
[Date "2016.03.20"]
[Round "8.98"]
[White "Emerton, Keith"]
[Black "Wright, Nicholas PA"]
[Result "1-0"]
[WhiteElo "1764"]
[BlackElo "1547"]
[PlyCount "75"]
[EventDate "2016.03.20"]
[WhiteTeam "Spirit of Atticus C"]
[BlackTeam "Cheddleton 3"]

1. Nf3 d5 2. g3 Nc6 3. Bg2 e5 4. d3 Nf6 5. O-O Bc5 6. b3 O-O 7. Bb2 Re8 8. Nbd2
Nd4 9. e3 Nxf3+ 10. Nxf3 Bd6 11. Re1 c6 12. c4 e4 13. dxe4 Bb4 14. Bxf6 Qxf6
15. e5 Qe7 16. Re2 Bc3 17. Rc1 Bxe5 18. Nxe5 Qxe5 19. cxd5 cxd5 20. Qxd5 Qe7
21. Rd2 Rb8 22. Qd6 Be6 23. Qxe7 Rxe7 24. Rcd1 Kf8 25. Rd8+ Re8 26. Rxe8+ Kxe8
27. f4 b6 28. e4 Rc8 29. Rd2 g6 30. Kf2 Ke7 31. Bf1 Bd7 32. Bd3 b5 33. Rc2
Rxc2+ 34. Bxc2 Kd6 35. b4 a6 36. Bb3 f5 37. e5+ Ke7 38. Bd5 1-0

[Event "4NCL 3 North pool D"]
[Site "Wakefield, ENG"]
[Date "2016.03.20"]
[Round "8.105"]
[White "Patrick, David A"]
[Black "Lyth, John D"]
[Result "1/2-1/2"]
[WhiteElo "1870"]
[BlackElo "1982"]
[PlyCount "95"]
[EventDate "2016.03.20"]
[WhiteTeam "Bradford DCA Knights C"]
[BlackTeam "Manchester Manticores 3"]

1. e4 e5 2. Nf3 Nc6 3. Bb5 a6 4. Bxc6 dxc6 5. O-O Be7 6. d4 Nf6 7. Nxe5 Nxe4 8.
Re1 Nf6 9. c4 O-O 10. Nc3 c5 11. d5 Nd7 12. f4 Nb6 13. b3 Bf5 14. g4 f6 15. Nc6
bxc6 16. gxf5 cxd5 17. Nxd5 Nxd5 18. Qxd5+ Qxd5 19. cxd5 Bd6 20. Kf2 Kf7 21.
Kf3 Rab8 22. Be3 Rb4 23. Rac1 Re8 24. Rc4 Rxc4 25. bxc4 Rb8 26. Re2 Rb4 27. Rc2
Ra4 28. Bc1 Rb4 29. h3 Ke7 30. h4 Kf7 31. h5 h6 32. Ke4 Ke7 33. Kd3 Rb1 34.
Re2+ Kf7 35. Kc2 Rb4 36. Re4 Rb8 37. Bd2 Rb7 38. Re1 Rb8 39. Rb1 Rxb1 40. Kxb1
Ke8 41. Kc2 Kd7 42. Kb3 Kc8 43. Ka4 Kb7 44. Kb3 Kc8 45. Kc3 Kd7 46. Kd3 Kc8 47.
Ke4 Kd7 48. Be3 1/2-1/2

[Event "4NCL 3 North pool D"]
[Site "Wakefield, ENG"]
[Date "2016.03.20"]
[Round "8.106"]
[White "Collins, Richard A"]
[Black "Dean, Robert A"]
[Result "1/2-1/2"]
[WhiteElo "1930"]
[BlackElo "1781"]
[PlyCount "118"]
[EventDate "2016.03.20"]
[WhiteTeam "Manchester Manticores 3"]
[BlackTeam "Bradford DCA Knights C"]

1. e4 e6 2. d4 d5 3. Nd2 c5 4. c3 cxd4 5. cxd4 Nc6 6. Ngf3 Nf6 7. e5 Ne4 8. Bd3
Bb4 9. O-O f5 10. Nb3 O-O 11. a3 Be7 12. Ne1 Bd7 13. f3 Ng5 14. Bxg5 Bxg5 15.
f4 Be7 16. Nf3 Rc8 17. Rc1 Qb6 18. Be2 a5 19. Qd3 Na7 20. Qe3 Bb5 21. Bxb5 Qxb5
22. Nc5 Rc6 23. a4 Qb4 24. b3 Rfc8 25. Ne1 Bxc5 26. dxc5 Qe4 27. Qf2 Qb4 28.
Qe3 Qa3 29. Nd3 Qxb3 30. Rb1 Qxa4 31. Rxb7 Nb5 32. Qg3 R6c7 33. Rxc7 Rxc7 34.
Rb1 Qc4 35. h4 Rb7 36. Kh2 a4 37. Rb4 Qc2 38. Ne1 Qxc5 39. Rxa4 Nc7 40. Qg5 Rb8
41. Qg3 Rb1 42. Nf3 Qc1 43. Qf2 Rb2 44. Qg3 Qc2 45. Ra7 Qc5 46. Ra1 Rb4 47. Qg5
Rb8 48. Qg3 Qe3 49. Re1 Qc3 50. Rd1 Qc2 51. Rd2 Qc5 52. Qe1 Rb4 53. Kg3 Re4 54.
Qd1 Qb4 55. Rc2 Rc4 56. Rxc4 Qxc4 57. Qa1 h6 58. Qa7 Kh7 59. Qb6 Qc1 1/2-1/2

[Event "4NCL 3 North pool D"]
[Site "Wakefield, ENG"]
[Date "2016.03.20"]
[Round "8.107"]
[White "McCarthy, Damian"]
[Black "Hilton, Tim"]
[Result "1-0"]
[WhiteElo "1851"]
[BlackElo "1960"]
[PlyCount "75"]
[EventDate "2016.03.20"]
[WhiteTeam "Bradford DCA Knights C"]
[BlackTeam "Manchester Manticores 3"]

1. c4 e5 2. g3 Nc6 3. Bg2 g6 4. Nc3 Bg7 5. d3 Nge7 6. Nf3 d6 7. Rb1 a5 8. a3
O-O 9. O-O f5 10. e3 h6 11. Ne1 Be6 12. Nd5 Qd7 13. Nc2 a4 14. Bd2 Kh7 15. b4
axb3 16. Rxb3 Bxd5 17. cxd5 Nd8 18. Qe2 b6 19. Rc1 Nb7 20. Bb4 Na5 21. Rbb1
Rfc8 22. Ne1 Qd8 23. e4 f4 24. Bh3 fxg3 25. hxg3 g5 26. Kg2 Ng6 27. Bxa5 bxa5
28. Rb7 Rcb8 29. Rcxc7 Rxb7 30. Rxb7 Rb8 31. Qb2 Rxb7 32. Qxb7 Kh8 33. Nc2 h5
34. Bf5 Ne7 35. Be6 g4 36. Qd7 Qxd7 37. Bxd7 Bh6 38. Be8 1-0